000 00415nam a2200169Ia 4500
008 180921t2008 xxu||||| |||| 00| 0 sin d
041 _asin
080 _a681
_bPIN
100 _aPinthu, J.L.Suneth
245 _aඉදිරි ඇක්සලය
246 _aIdiri Eksalaya
260 _bS.n.
_aS.I.
_c2008
300 _a91, 21 cm
942 _cBK
999 _c14019
_d14019
003 LK-CoDNM
040 _aLK-CoDNM
_dLK-CoDNM
_eLK-CoDNM